00272cam a22000977a 4500008004000000082002500040245005500065260003100120300000900151700001400160180718b1968 xxu||||| |||| 00| 0 eng d aN121903x54 In2b/1968 aThe border security force bill, 1968cby Lok Sabha aNew DelhibLok Sabhac1968 a48p. aLok Sabha